[Event "Deutscher Jugend Online Cup 2020"]
[Site "Tornelo"]
[Date "2020.11.14"]
[Round "13"]
[White "Bakiev, Diyor"]
[Black "Albert, Markus"]
[Result "0-1"]
[WhiteElo "2119"]
[BlackElo "1926"]
[Annotator "TA"]
[PlyCount "132"]
[EventDate "2020.11.13"]
[EventType "k.o."]
[SourceTitle "playchess.com"]
[Source "ChessBase"]
[SourceQuality "1"]

{[%evp 9,132,4,10,4,6,4,33,-22,-31,-18,-13,-22,-54,-30,-42,-92,-95,-121,-112,-106,-76,-68,-66,-89,-61,-97,-57,-86,-82,-95,-76,-103,-37,-59,-12,-90,-75,-97,61,-64,-46,-68,-34,-100,-75,-66,-66,-150,-154,-137,-79,-76,-50,-109,-101,-115,-113,-157,-151,-145,-118,-118,-113,-124,-47,-132,-112,-169,-162,-263,-266,-289,-244,-308,-294,-854,-839,-899,-879,-917,-765,-1114,-1085,-29969,-29970,-29970,-12844,-29973,-29974,-29969,-8709,-8300,-8171,-5620,-3170,-29979,-29981,-29981,-29982,-29982,-29982,-29982,-29983,-29983,-29984,-29984,-29985,-29985,-29986,-29986,-29987,-29987,-29988,-29988,-29989,-29989,-29990,-29990,-29991,-29993,-29991,-29991,-29992,-29992,-29993]} 1. b3 e5 2. Bb2 Nc6 3. e3 Nf6 4. Bb5 Qe7 5. Ne2 a6 6. Bxc6 {A01: Nimzowitsch-Larsen Opening.} dxc6 7. O-O Bf5 {[#]} 8. f4 $146 (8. Na3 $14) ({Predecessor:} 8. Ng3 Bg4 9. f3 Bd7 10. d4 exd4 11. Qxd4 h5 12. Na3 Qc5 13. Nc4 Be6 14. Rad1 {0-1 (66) Pedersen,S (2161)-Ruokokoski,H (2217) ICCF email 2017}) 8... e4 $11 9. Ng3 Bg4 10. Qe1 h5 $1 11. h3 Bd7 12. Nc3 O-O-O 13. Na4 h4 14. Ne2 Nd5 15. Bd4 Qe6 16. f5 Qh6 17. Qf2 Nb4 18. Rfc1 Qg5 19. a3 Nd5 20. Rf1 Bd6 (20... Rh5 $17) 21. c4 $1 $15 {[%cal Rc4d5]} Nf6 (21... Bg3 {feels hotter.} 22. Nxg3 hxg3 23. Qe1 Nf6 24. Be5 Nh5) 22. Nc5 (22. c5 $11 Be7 23. Qf4 Qxf4 24. Rxf4) 22... Bxc5 23. Bxc5 Rhe8 $2 (23... Rh5 $17) 24. Bd4 (24. Qf4 $1 $14 Nh7 25. Bd4) 24... Nh5 25. Kh2 f6 26. c5 (26. b4 $15) 26... Re7 27. b4 Rg8 28. g4 (28. Bc3 $15) 28... hxg3+ $1 $17 29. Nxg3 Nxg3 (29... Qh6 $142 30. Qg2 Nxg3 31. Qxg3 g5) 30. Qxg3 Qh5 31. Qg4 ({White should play} 31. Bxf6 $15 Rf7 32. Bg5) 31... Qf7 32. Rf4 Qd5 33. Qg3 Bxf5 34. Raf1 g6 35. Bxf6 Rh7 36. h4 Rh5 (36... Qxd2+ $17 37. Qg2 Qd5) 37. Bg5 (37. d4 $1 $15) 37... Qxd2+ 38. R1f2 (38. R4f2 $17 {was called for.} Qc3 39. Ra2) 38... Qc3 $19 39. Kg2 (39. Ra2 $142) 39... Qxa3 40. Bf6 {And now Rxf5! would win.} Re8 41. Bd4 Qxb4 42. Rxf5 $2 (42. Rb2 Qc4 43. Qe1) 42... Rxf5 43. Rxf5 gxf5 {[%mdl 4096] Endgame KQR-KQB} 44. Qg6 Qd2+ 45. Kg3 Qe1+ 46. Kf4 Qf2+ 47. Kg5 Qg3+ (47... Qg1+ $142 48. Kh6 Qxg6+ 49. Kxg6 f4 $1 {[%mdl 512]} 50. Kf7 f3 $1 {[%mdl 512]} 51. Kxe8 f2 52. Kf7 f1=Q+ 53. Kg6 Qg2+ 54. Kh6 a5 55. Kh7 a4 56. Kh6 a3 57. Kh5 Qg3 58. Kh6 Qxh4+ 59. Kg6 Qg4+ 60. Kh6 Qf5 61. Ba1 a2 62. Kg7 Kd7 63. Bf6 Ke6 64. Bh4 a1=Q+ 65. Bf6 Qfxf6+ 66. Kh7 Qg7#) 48. Kxf5 Rf8+ 49. Bf6 Qxh4 (49... Qxe3 $142 50. Qg5 Qf2+ 51. Ke5 e3 52. Ke6 e2 53. Ke7 {[#]} Rxf6 $1 {[%mdl 512]} 54. Qg8+ Rf8 $1 {[%mdl 576] Promotion} 55. Qxf8+ Qxf8+ 56. Kxf8 e1=Q 57. Kg7 Qe5+ 58. Kg6 Kd7 59. Kf7 Qf4+ 60. Kg6 Ke6 61. h5 Qg4+ 62. Kh7 Kf7 63. Kh8 Qxh5#) 50. Qe8+ Rxe8 51. Bxh4 {KR-KB} Kd7 52. Bf6 Rf8 {Black mates.} 53. Ke5 {[#]} Rxf6 $1 54. Kxf6 {KP-KP} b6 55. cxb6 cxb6 56. Ke5 a5 57. Kxe4 b5 58. Kd3 Kd6 59. Kd4 c5+ 60. Kc3 b4+ 61. Kb3 {Cut Off at move 61} Kd5 62. Ka4 c4 63. Kxa5 b3 64. e4+ Kxe4 65. Kb4 b2 66. Kxc4 b1=Q {Weighted Error Value: White=0.76/Black=0.50} 0-1

[Event "Deutscher Jugend Online Cup 2020"]
[Site "Tornelo"]
[Date "2020.11.14"]
[Round "13"]
[White "Ziegenfuss, Antonia"]
[Black "Heutling, Elina"]
[Result "0-1"]
[WhiteElo "2101"]
[BlackElo "1922"]
[Annotator "TA"]
[PlyCount "136"]
[EventDate "2020.11.13"]
[EventType "k.o."]
[SourceTitle "playchess.com"]
[Source "ChessBase"]
[SourceQuality "1"]

{[%evp 10,136,6,4,22,0,23,23,27,17,35,31,52,47,49,45,39,39,39,40,39,43,64,37,41,42,37,22,16,8,2,11,45,16,36,20,35,0,0,-19,-16,-10,0,-16,0,0,0,0,0,0,45,0,0,0,89,8,443,406,1032,643,576,114,114,114,114,114,114,0,0,0,0,0,0,0,0,0,0,0,0,0,0,0,0,0,0,0,0,0,0,0,0,0,0,-140,-130,-2926,-2437,-2297,-1995,-1734,-1765,-1613,-1484,-4133,-2218,-700,-658,-595,-511,-29964,-29965,-29965,-29966,-29967,-29968,-29961,-29960,-29984,-29985,-29985,-29986,-29986,-29987,-29987,-29988,-29988,-29989,-29989,-29990]} 1. d4 Nf6 2. Bg5 g6 3. Bxf6 exf6 4. g3 Bg7 5. Bg2 O-O 6. e3 c6 {A45: Trompowsky Attack.} 7. Ne2 Qb6 8. b3 {[#]} Qa5+ $146 {White has an edge.} ({Predecessor:} 8... d5 9. O-O f5 10. c4 dxc4 11. bxc4 Qa6 12. c5 Be6 13. Nd2 g5 14. Re1 Nd7 {1-0 (28) Janoshalmi,A (2274)-Horvath,V (2002) Hungary 2010}) 9. c3 d6 10. O-O Qh5 11. c4 Bh3 12. Nf4 Qxd1 13. Rxd1 Bxg2 14. Kxg2 f5 15. Nc3 c5 16. Rac1 cxd4 17. exd4 {Strongly threatening Nb5.} Nc6 18. d5 Ne5 19. Nd3 Nxd3 20. Rxd3 Bh6 21. f4 Rfe8 22. Kf2 a6 23. h4 (23. c5 {seems wilder.} dxc5 24. d6 Re6 25. d7 Rd8 26. Na4) 23... Bg7 24. Re1 (24. Kf3 {keeps more tension.} b6 25. Rc2 Rac8 26. a4 Kf8 27. Re2) 24... Rxe1 25. Kxe1 $11 {[%mdl 4096] Endgame KRB-KRN} Re8+ 26. Kf2 h6 27. a4 b6 28. Ne2 Re4 29. Kf3 Kf8 30. Re3 Rxe3+ 31. Kxe3 {KB-KN} Ke7 (31... Bb2 $11 {remains equal.}) 32. Kd3 (32. b4 $1 $16) 32... f6 $2 {[%mdl 8192]} (32... a5 $1 $11 {and Black has nothing to worry.}) 33. Nd4 g5 (33... h5 $142 34. Nc6+ Ke8) 34. Ne6 Bh8 35. hxg5 $2 (35. h5 $18 {has better winning chances.}) 35... fxg5 $16 36. fxg5 hxg5 37. Nxg5 Be5 {[#]} 38. Ke3 (38. Ne6 $1 $16) 38... Bxg3 $11 39. Ne6 Be5 40. Nc7 a5 41. Kf3 Bd4 42. Kf4 Kf6 43. Ne8+ Ke7 44. Nc7 Kf6 45. Ne6 Be5+ 46. Kf3 Ke7 47. Nc7 Kd7 48. Nb5 Ke7 49. Ke3 Kf6 50. Nc7 Kg5 51. Na8 {[#]} (51. Kf3 $11) 51... Kg4 $1 $17 {[%cal Rg4g3] Threatens to win with ...Kg3.} 52. Ke2 $2 {[%mdl 8192]} (52. c5 $17 bxc5 53. Nb6) 52... Bd4 $19 53. Nc7 f4 54. Ne6 f3+ 55. Kf1 Be3 56. Nd8 Kf5 57. Nf7 Bc5 58. Ke1 Ke4 59. Kf1 (59. Ng5+ $19 Kd3 60. Nxf3) 59... Kd3 {Black mates.} 60. Ng5 Kc3 61. Nxf3 {Cut Off at move 61} Kxb3 62. Nd2+ Kxa4 63. Ke1 Bb4 64. Kd1 Bxd2 65. Kxd2 Kb4 66. Kd3 a4 67. Kc2 Kxc4 68. Kb2 b5 {Never resign too early!  Weighted Error Value: White=0.71/Black=0.26} 0-1

[Event "Deutscher Jugend Online Cup 2020"]
[Site "Tornelo"]
[Date "2020.11.14"]
[Round "13"]
[White "von Mettenheim, Johannes"]
[Black "Costa, Leonardo"]
[Result "0-1"]
[WhiteElo "1995"]
[BlackElo "2165"]
[Annotator "TA"]
[PlyCount "70"]
[EventDate "2020.11.13"]
[EventType "k.o."]
[SourceTitle "playchess.com"]
[Source "ChessBase"]
[SourceQuality "1"]

{[%evp 21,70,-4,-18,-15,7,-31,-15,-18,-18,-50,-43,-45,-47,-69,-62,-62,53,54,68,43,59,-95,-83,-108,-100,-115,-105,-103,-34,-421,-107,-1074,-1016,-29993,-29994,-29994,-435,-420,-425,-411,-186,-179,-8,-124,0,0,0,0,0,-29998,-29999]} 1. d4 Nf6 2. c4 c5 3. d5 g6 4. Nc3 d6 5. g3 Bg7 6. Bg2 O-O 7. Nh3 Na6 8. O-O Nc7 9. Nf4 Rb8 10. a4 b6 {[%cal Bb7b6,Bb6b5][%mdl 32]} 11. Nd3 a6 12. e4 {[#] E64: King's Indian: Fianchetto: 6...c5 7 d5.} Ng4 $146 ({Predecessor:} 12... Nd7 13. Bd2 a5 14. f4 Na6 15. Nb5 Nb4 16. Bc3 Ba6 17. Nf2 Bxb5 18. axb5 Qc7 {1-0 (33) Ragozin,V-Shestoperov,A Moscow 1955}) 13. h3 Ne5 14. Nxe5 {The position is equal.} Bxe5 15. Be3 b5 16. f4 Bf6 17. e5 dxe5 18. Ne4 exf4 (18... Bg7 $15 19. b3 (19. Bxc5 bxc4 {[%mdl 64] Discovered Attack} 20. d6 exd6 $15) 19... exf4 20. Rxf4 bxc4 21. bxc4 Bf5 22. Bxc5 Ne8) 19. Nxf6+ $14 exf6 20. Bxc5 (20. Bxf4 bxc4 21. d6 Ne6 $15) 20... Re8 $1 21. d6 $2 (21. gxf4 bxc4 22. Qd4 Re2 $15) (21. axb5 $14 {keeps the upper hand.} axb5 22. Ba7 (22. gxf4 bxc4 23. Qc2 Bf5 $15)) 21... Ne6 $17 22. Ba7 Rb7 $1 {[%cal Rb7a7]} 23. Bxb7 Bxb7 24. axb5 {d7 is the strong threat.} axb5 (24... fxg3 $17 {Threatens to win with ...Ng5.} 25. d7 (25. bxa6 Bc6 $11) 25... Re7 26. bxa6 Ba8) 25. c5 $2 {[%mdl 8192]} (25. gxf4 $15 Qd7 26. Ra3 (26. cxb5 $2 Nxf4 27. Rxf4 Qxh3 $19)) 25... fxg3 $2 (25... Qd7 $19 {and Black stays clearly on top.} 26. g4 Qc6) 26. Bb6 $2 {[%mdl 8192]} (26. Ra3 $17) 26... Qd7 $19 {( -> ...Ng5)} 27. Ra7 Ng5 {[%cal Rg5h3]} ({Inferior is} 27... Qc6 28. Rxb7 $1 {[%mdl 512]} Qxb7 29. d7 $16) 28. Rxb7 Qxb7 (28... Qxh3 $142 29. Qd2 {[#]} Re1 $1 {[%mdl 512]} 30. Rb8+ Kg7 31. Rg8+ Kxg8 32. Qg2 Nf3+ $1 {[%mdl 576] Deflection} 33. Qxf3 Qh2#) 29. Qg4 {[#] Black must now prevent d7.} Re2 $1 {[%csl Ge2][%cal Rb7g2][%mdl 512]} 30. Qxg3 (30. Qxe2 Nxh3#) 30... Qd7 $40 {[%mdl 128] White is in trouble.} (30... Qe4 $142 31. c6 Qxc6) 31. h4 Nh3+ $2 ({Black should play} 31... Re4 $19 {Strongly threatening ...Rg4!} 32. Kh2 (32. hxg5 $2 Rg4 $19 {[%mdl 64] Double Attack}) 32... Re2+ {[%mdl 64] Double Attack} 33. Kg1 Ne4) 32. Kh1 $11 h5 (32... Rxb2 $17 {Hoping for ...Qe6.} 33. Rf3 Rb1+ 34. Kh2 Qe6) 33. Rf3 Qe6 34. Qxh3 Re1+ 35. Rf1 $2 {[%mdl 8192]} (35. Kg2 $11 Re2+ {[%mdl 64] Double Attack} 36. Kh1 Re1+ 37. Kh2 Re2+ {[%mdl 64] Double Attack} 38. Kh1) 35... Qxh3+ {Weighted Error Value: White=1.25/Black=0.86} 0-1

[Event "Deutscher Jugend Online Cup 2020"]
[Site "Tornelo"]
[Date "2020.11.14"]
[Round "13"]
[White "von Mettenheim, Johannes"]
[Black "Nitsche, Nikolai"]
[Result "1-0"]
[WhiteElo "1995"]
[BlackElo "1758"]
[Annotator "TA"]
[PlyCount "37"]
[EventDate "2020.11.13"]
[EventType "k.o."]
[SourceTitle "playchess.com"]
[Source "ChessBase"]
[SourceQuality "1"]

{[%evp 22,37,77,65,91,100,103,71,129,122,150,95,95,66,279,289,484,467]} 1. d4 e6 2. c4 d5 3. Nf3 c6 4. g3 Nf6 5. Bg2 Be7 6. O-O O-O 7. Nbd2 Nbd7 8. Qc2 Re8 9. e4 dxe4 10. Nxe4 Nxe4 11. Qxe4 Nf6 12. Qc2 Bd7 {E09: Closed Catalan: Main Line: 7 Qc2 c6 8 Nbd2.} 13. Ne5 Rc8 {[#]} 14. Be3 $146 ({Predecessor:} 14. Rd1 b6 15. Bf4 Nh5 16. Be3 f5 17. Qa4 b5 18. Qxa7 Nf6 19. Nxd7 Nxd7 20. cxb5 cxb5 21. d5 e5 22. d6 Bf6 23. Bd5+ Kf8 24. Rac1 Rxc1 25. Rxc1 Bg5 26. Bxg5 Qxg5 27. Qxd7 {1-0 (27) Zhukov,A (2190)-Zech,A (2038) Erfurt 2019}) 14... b6 ({Black should play} 14... b5) 15. Rad1 $16 Qc7 16. Rfe1 ({White should try} 16. g4) 16... Red8 17. Qe2 Ne8 $2 (17... b5 $14) 18. Bf4 $18 {[#] Strongly threatening Nxf7!} Qb7 $2 (18... Bd6 19. c5 Bxe5) 19. d5 {Weighted Error Value: White=0.17/Black=0.87} ({Weaker is} 19. Qh5 g6 $16) 1-0

[Event "Deutscher Jugend Online Cup 2020"]
[Site "Tornelo"]
[Date "2020.11.14"]
[Round "13"]
[White "Albert, Markus"]
[Black "Bakiev, Diyor"]
[Result "1-0"]
[WhiteElo "1926"]
[BlackElo "2119"]
[Annotator "TA"]
[PlyCount "123"]
[EventDate "2020.11.13"]
[EventType "k.o."]
[SourceTitle "playchess.com"]
[Source "ChessBase"]
[SourceQuality "1"]

{[%evp 18,123,2,-14,5,-75,-84,-78,-18,-173,-166,-187,-80,-70,0,0,0,-170,-181,-409,-415,-390,-308,-293,0,0,0,-145,0,-181,0,0,0,0,0,0,0,0,0,0,95,0,0,0,0,0,133,-33,-33,-31,-33,-33,-25,-25,109,-656,-656,-604,-602,-602,-602,-735,-679,-710,-670,-705,-559,-587,-583,-654,-587,-587,-507,-507,-507,-538,-533,-613,-536,-531,-521,-716,-716,-5097,-5077,-5061,-4900,-29982,-29979,-29988,-5065,-1696,-764,-745,-729,-718,-718,-718,-711,-708,-639,-639,-639,-639,-502,-633,29985,29985]} 1. e4 c6 2. d4 d5 3. Nc3 dxe4 4. Nxe4 Bf5 5. Ng3 Bg6 6. h4 h6 7. Nh3 e6 8. Nf4 Bh7 9. Bc4 Nf6 10. O-O Nbd7 {B18: Classical Caro-Kann: 4...Bf5 sidelines.} 11. Bxe6 (11. Re1 $11) 11... fxe6 $17 12. Nxe6 Qb6 (12... Qa5 $17 13. Bd2 (13. Qe2 $2 Kf7 $17) 13... Bb4 14. Nxg7+ Kf7 15. Bxb4 Qxb4) 13. Re1 $2 (13. Bf4 $1 $11 Kf7 14. Re1) 13... Kf7 $1 $19 {[#]} 14. c3 $146 ({Predecessor:} 14. Bf4 Rc8 15. Qe2 c5 16. Qc4 Kg6 17. Bc7 Qxe6 18. h5+ Nxh5 19. Qxe6+ Nhf6 20. Be5 Re8 21. Qb3 cxd4 22. Bxd4 Bd6 23. Bxf6 Kxf6 24. Qf3+ {1-0 (24) Congiu,M (2169)-Chaumont,A (2080) Rennes 2009}) 14... Bd6 (14... Re8 $1 $19 {[%cal Re8e6]} 15. Nxf8 Rhxf8) 15. Nh5 $17 (15. Qf3 $2 Rhe8 $19) 15... Nxh5 (15... Rag8 $1 $15) 16. Qxh5+ $11 Bg6 $1 {[%cal Rg6h5]} 17. Qf3+ $2 {[#]} (17. Qg4 $11 Nf6 18. Ng5+ Kf8 19. Ne6+ {[%mdl 64] Discovered Attack} Kf7 20. Ng5+ Kf8 21. Ne6+ {[%mdl 64] Discovered Attack} Kf7) 17... Nf6 $1 $19 (17... Kg8 $2 18. Qg4 $18) 18. g4 $2 ({Avoid the trap} 18. h5 $2 Bxh5 19. Qd3 (19. Qf5 $2 Bg4 $19) 19... Rhe8 $19) (18. Bf4 {was called for.} Bxf4 19. Qxf4) 18... Rae8 19. h5 Bh7 20. g5 {aiming for g6+.} hxg5 $2 (20... Rxe6 $19 21. g6+ Bxg6 22. hxg6+ Ke7) 21. Nxg5+ $11 Kf8 22. Rxe8+ Kxe8 23. h6 $2 {[#]} (23. Bf4 $1 $11 Bxf4 24. Qxf4) 23... Be7 $2 ({Black should try} 23... Qc7 $1 $19 {...Bg8 is the strong threat.} 24. Qe3+ Qe7 25. Qxe7+ (25. hxg7 Rg8 $17) 25... Bxe7 26. hxg7 Rg8 27. Nxh7 Nxh7) 24. hxg7 Rg8 25. Nxh7 Rxg7+ {[%mdl 64] Double Attack} 26. Ng5 Nh7 27. Qh5+ {[%mdl 64] Double Attack} Kf8 {[%cal Re7g5]} 28. f4 Qc7 (28... Qb5 $11 29. Qf3 Kg8) 29. Kh1 ({White should play} 29. Kf2 $16 {Strongly threatening Ne6+.} Nxg5 30. fxg5) 29... Nxg5 30. fxg5 Qg3 {Hoping for ...Kg8.} 31. Bd2 Kg8 (31... Qd3 $1 $11 {remains equal.} 32. Qh8+ Kf7 33. Qh5+ Kf8 34. Qh8+ Kf7 35. Qh5+ Kf8) 32. Qe8+ $2 ({Only move:} 32. Rg1 $16 {White threatens Qe8+ and mate.} Qf2 33. Qe8+ Bf8 34. Qe6+ Kh8 35. Qf6 Qxf6 36. gxf6 Rxg1+ 37. Kxg1) 32... Bf8 $15 {[%mdl 1024] Black has compensation.} 33. Qe6+ Kh8 {( -> ...Rh7+)} 34. Qe5 Qf3+ $1 $40 {[%mdl 128] Black attacks.} 35. Kg1 {And now Bf4 would win.} Kg8 (35... Bd6 $11 {keeps the balance.} 36. Qxd6 Qg4+ 37. Kf2 Rf7+ 38. Qf6+ Rxf6+ 39. gxf6 Qf5+ 40. Ke3 Qxf6) 36. Rf1 $2 {[%mdl 8192]} (36. Qf4 $16 Qh5 37. Qh2 Qg4+ 38. Qg2) 36... Qg4+ $19 37. Kf2 Rf7+ 38. Ke1 {Black must now prevent Rxf7.} Re7 39. Bf4 Rxe5+ 40. Bxe5 Qe4+ 41. Kd2 Bg7 42. Re1 Qg2+ 43. Re2 Qxg5+ 44. Kc2 Bxe5 45. Rxe5 {[%mdl 4096] Endgame KQ-KR} Qg6+ 46. Kb3 Kf7 47. Ka3 Qd6+ 48. Kb3 b6 49. a4 c5 50. Re1 cxd4 51. Rd1 Qe6+ 52. c4 Qe3+ 53. Kb4 d3 (53... a5+ $142 54. Kb5 Qb3+ {[%mdl 64] Double Attack} 55. Ka6 Qxd1 56. b4 axb4 57. a5 bxa5 58. c5 Qe2+ 59. Kb7 Qb5+ 60. Kc8 b3 61. Kd8 Qxc5 62. Kd7 d3 63. Kd8 d2 64. Kd7 d1=Q#) 54. Kc3 d2+ 55. Kc2 Qe4+ {[%mdl 64] Double Attack} 56. Kc3 Qe5+ 57. Kc2 Qd4 58. b3 Qe4+ 59. Kxd2 Qg2+ 60. Kc3 Ke6 61. Rd3 Qh3 $4 {[%mdl 8192]} (61... Qa2 $19 62. Rd1 Qe2) 62. Rxh3 {White used his chance.  Weighted Error Value: White=0.85/Black=0.54} 1-0

[Event "Deutscher Jugend Online Cup 2020"]
[Site "Tornelo"]
[Date "2020.11.14"]
[Round "13"]
[White "Heutling, Elina"]
[Black "Ziegenfuss, Antonia"]
[Result "0-1"]
[WhiteElo "1922"]
[BlackElo "2101"]
[Annotator "TA"]
[PlyCount "152"]
[EventDate "2020.11.13"]
[EventType "k.o."]
[SourceTitle "playchess.com"]
[Source "ChessBase"]
[SourceQuality "1"]

{[%evp 10,152,31,22,35,2,-7,-31,-4,-19,-26,-58,-53,-72,-46,-53,-34,-43,-49,-43,-31,-41,-23,-62,-56,-64,-65,-71,-39,-47,-37,-49,-30,-81,-73,-65,-64,-100,-110,-80,-24,-24,-30,-34,-31,-45,0,-58,-47,-49,-51,-39,-39,-56,-40,-67,-45,-45,0,-18,-16,-35,-12,-66,0,0,0,0,0,0,0,0,0,0,14,0,0,0,0,0,0,0,76,93,366,377,634,628,1166,1000,12785,12366,11833,5795,10569,5791,5608,5261,5081,5081,29987,29988,29988,29980,29980,29980,29980,29981,29981,29982,29982,29983,29983,29984,29984,29978,29978,29979,29979,29980,29988,29989,29989,0,29981,29982,29982,52,29983,0,0,0,0,0,0,-599,-599,-592,-584,-29988,-29988,-29990,-29989,-29989,-29990]} 1. e4 c5 2. Nf3 a6 3. c3 d5 4. exd5 Qxd5 5. d4 e6 6. Be3 cxd4 {B28: Sicilian: 2 Nf3 a6 (O'Kelly Variation).} 7. Bxd4 (7. cxd4 {looks sharper.} Nf6 8. Nc3 Qd8 9. Bd3 Nc6 10. O-O) 7... Nc6 {[#]} 8. Be3 $146 (8. Bd3 {is interesting.} Nxd4 9. cxd4 Nf6 10. O-O Be7 11. Nc3) ({Predecessor:} 8. Nbd2 Nxd4 9. Nxd4 Bc5 10. N2b3 Bxd4 11. Nxd4 e5 12. Nf3 Qe6 13. Bd3 Nf6 14. O-O {½-½ (40) Bounlom,J (1817)-Binz,L (1669) Kreuzlingen 2016}) 8... Qxd1+ {Black is slightly better.} 9. Kxd1 Nf6 10. Nd4 Bd7 11. Bc4 b5 12. Bb3 Ng4 13. Ke2 Nxe3 14. fxe3 Bc5 15. Nd2 Ke7 16. Ne4 Bb6 17. Rhf1 Rhf8 18. Ng5 h6 19. Ngf3 g5 20. a4 g4 21. Nd2 (21. Nxc6+ $11 {remains equal.} Bxc6 22. Ne5 Bxg2 23. Rf2) 21... Na5 22. Bc2 Nc4 23. Nxc4 bxc4 24. a5 Ba7 ({Better is} 24... Bc7 $17 25. Be4 Rab8) 25. Ba4 $11 Rab8 26. Rfb1 Bxd4 27. exd4 Rb7 28. Bxd7 (28. b4 $11) 28... Kxd7 {[%mdl 4096] Endgame KRR-KRR} 29. Ra4 Rc8 30. Kd2 f5 31. Kc2 Kd6 32. b3 cxb3+ 33. Rxb3 Rcb8 34. Rab4 Rxb4 35. cxb4 {KR-KR} Rb5 36. Kd3 (36. Rb2 $11) 36... Kd5 (36... Rd5 $15) 37. g3 h5 38. Rb2 e5 39. dxe5 Kxe5 40. Re2+ Kf6 41. Kc4 {Black should prevent Re8.} Rb7 42. Rd2 Rc7+ $1 43. Kb3 {Black must now prevent Rd6+.} Rc6 44. Ka4 Ke5 45. Re2+ Kd4 (45... Kf6 $11 {keeps the balance.}) 46. Rf2 $16 Ke4 $2 {[%mdl 8192] [#]} (46... Ke5 $16 {is a better defense.}) 47. Rf4+ $1 $18 Ke5 $2 (47... Kd5 48. Rxf5+ Kd4 49. Rxh5 Re6) 48. b5 axb5+ 49. Kxb5 Rc1 50. a6 Rc8 51. Kb6 Rh8 52. a7 Rh6+ 53. Ka5 Rh8 54. Rb4 h4 55. Rb8 hxg3 56. hxg3 Rh1 57. Re8+ Kd4 58. Kb6 Rb1+ 59. Kc7 Ra1 60. a8=Q Rxa8 61. Rxa8 {KR-KPP. Cut Off at move 61} Ke3 62. Rf8 Kf3 63. Rxf5+ Kxg3 {KR-KP} 64. Kd6 Kg2 65. Ke5 g3 66. Rg5 $2 (66. Ke4 Kg1 67. Kf3 Kf1 68. Rg5 Ke1 69. Ke3 Kd1 70. Rxg3 Kc2 71. Ke2) 66... Kh2 $2 {[%mdl 8192] [#]} (66... Kf3 $11) 67. Kf4 $1 g2 68. Rh5+ Kg1 69. Ra5 $2 (69. Kg3 {mates} Kf1 70. Rf5+ Ke2 71. Kxg2 Ke3 72. Kg3 Ke4 73. Rg5 Kd3 74. Kf3) 69... Kh1 $11 70. Ra1+ Kh2 71. Ra2 Kh1 72. Kf3 $2 {[%mdl 8192]} (72. Ra6 $11 {and White has nothing to worry.} g1=Q 73. Rh6+ Kg2 74. Rg6+ Kh2 75. Rxg1 Kxg1) 72... g1=Q $19 73. Rb2 Qf1+ 74. Kg3 Qe1+ {Black mates.} 75. Kh3 Qe3+ 76. Kg4 Qd4+ {Weighted Error Value: White=0.12/Black=0.39} 0-1

[Event "Deutscher Jugend Online Cup 2020"]
[Site "Tornelo"]
[Date "2020.11.14"]
[Round "13"]
[White "Bildat, Emilia"]
[Black "Becker, Linda"]
[Result "1/2-1/2"]
[WhiteElo "1852"]
[BlackElo "1763"]
[Annotator "NA RC"]
[PlyCount "93"]
[EventDate "2020.11.13"]
[EventType "k.o."]
[SourceTitle "playchess.com"]
[Source "ChessBase"]
[SourceQuality "1"]
[TimeControl "600+3"]

1. c4 e5 2. g3 Nc6 3. Bg2 f5 4. Nc3 Nf6 5. e3 Bb4 6. Nge2 O-O 7. O-O Bxc3 8. Nxc3 d6 9. d3 Qe8 10. a3 Kh8 11. Bd2 Rb8 12. b4 Nd8 13. Nb5 Ne6 14. Qc2 a6 15. Nc3 Qh5 16. Nd5 Ng4 17. h3 Nf6 18. a4 Ng5 19. h4 Nf3+ 20. Bxf3 Qxf3 21. Qd1 Qxd1 22. Rfxd1 Nxd5 23. cxd5 Bd7 24. Rdc1 Rfc8 25. e4 c6 26. dxc6 Rxc6 27. a5 Rbc8 28. f4 fxe4 29. dxe4 Rc2 30. Be3 R2c4 31. Rab1 Rxe4 32. Rxc8+ Bxc8 33. Rc1 Bd7 34. Rc7 Rxe3 35. Rxd7 h6 36. Kf2 exf4 37. gxf4 Re4 38. Rxb7 Rxf4+ 39. Kg3 Rf6 40. Ra7 d5 41. Rd7 Rf5 42. Kg4 Re5 43. Kg3 Re4 44. Rxd5 Rxb4 45. Rd6 Rb3+ 46. Kf4 Rb4+ 47. Ke3 1/2-1/2

[Event "Deutscher Jugend Online Cup 2020"]
[Site "Tornelo"]
[Date "2020.11.14"]
[Round "13"]
[White "Becker, Linda"]
[Black "Bildat, Emilia"]
[Result "1/2-1/2"]
[WhiteElo "1763"]
[BlackElo "1852"]
[Annotator "NA RC"]
[PlyCount "64"]
[EventDate "2020.11.13"]
[EventType "k.o."]
[SourceTitle "playchess.com"]
[Source "ChessBase"]
[SourceQuality "1"]
[TimeControl "600+3"]

1. e4 c5 2. c3 d5 3. exd5 Qxd5 4. d4 g6 5. Na3 cxd4 6. cxd4 Bg7 7. Nf3 Bg4 8. Be3 Bxf3 9. Qxf3 Qxf3 10. gxf3 Nf6 11. Bh3 Nd5 12. Rc1 Nc6 13. O-O O-O 14. Rfd1 e6 15. Nb5 Rfd8 16. Nc3 Rac8 17. Nxd5 Rxd5 18. Rc5 Rcd8 19. Rxd5 Rxd5 20. Bg2 Nxd4 21. Bxd4 Bxd4 22. Rd2 Bc5 23. Rxd5 exd5 24. f4 d4 25. Bxb7 Bd6 26. f5 gxf5 27. Kg2 Kg7 28. h3 Kg6 29. Bd5 f6 30. Kf3 Kg5 31. Be6 f4 32. Ke4 Be5 1/2-1/2

[Event "Deutscher Jugend Online Cup 2020"]
[Site "Tornelo"]
[Date "2020.11.14"]
[Round "13"]
[White "Trunz, Michelle"]
[Black "Wartenberg, Alissa"]
[Result "1-0"]
[WhiteElo "1673"]
[BlackElo "1463"]
[Annotator "NA RC"]
[PlyCount "145"]
[EventDate "2020.11.13"]
[EventType "k.o."]
[SourceTitle "playchess.com"]
[Source "ChessBase"]
[SourceQuality "1"]
[TimeControl "600+3"]

1. d4 d5 2. c4 c6 3. cxd5 cxd5 4. Nc3 Nf6 5. Nf3 Nc6 6. Bf4 Bf5 7. e3 e6 8. Qa4 a6 9. a3 Bd6 10. Bxd6 Qxd6 11. Ne5 O-O 12. Nxc6 Qxc6 13. Qxc6 bxc6 14. b4 Ra7 15. f3 Rfa8 16. a4 Rb8 17. Na2 a5 18. b5 cxb5 19. Bxb5 Ne8 20. Kd2 Nd6 21. Nc3 Rc7 22. Rhc1 Nc4+ 23. Ke2 Nb6 24. g4 Bg6 25. h4 f6 26. h5 Be8 27. Kd2 Nc4+ 28. Ke2 Nd6 29. Bxe8 Nxe8 30. Nb5 Rcb7 31. Rc2 Rb6 32. Rac1 Nd6 33. Nxd6 Rxd6 34. Rc8+ Rxc8 35. Rxc8+ Kf7 36. Rc7+ Kf8 37. Ra7 Rb6 38. Rxa5 Rb2+ 39. Kd3 Ra2 40. e4 dxe4+ 41. Kxe4 Ke8 42. Ra7 Kf8 43. Kd3 Kg8 44. Kc4 g6 45. h6 g5 46. Rg7+ Kf8 47. Ra7 Ke8 48. a5 e5 49. d5 Kd8 50. d6 Rd2 51. Kc5 Rc2+ 52. Kd5 Rd2+ 53. Ke6 Kc8 54. Kxf6 Rxd6+ 55. Kxg5 Rg6+ 56. Kh5 Re6 57. Rxh7 e4 58. fxe4 Rxe4 59. Ra7 Kb8 60. Rf7 Re8 61. g5 Kc8 62. h7 Rh8 63. g6 Kd8 64. Rg7 Ke8 65. Rg8+ Rxg8 66. hxg8=Q+ Kd7 67. Qf7+ Kc6 68. Qc4+ Kb7 69. g7 Ka7 70. Kg5 Kb7 71. Qb5+ Ka7 72. Qb6+ Ka8 73. g8=Q# 1-0